AI ARTIFICIAL INTELLIGENCE-9 (Record no. 12105)

MARC details
000 -LEADER
fixed length control field 00264nam a22000977a 4500
008 - FIXED-LENGTH DATA ELEMENTS--GENERAL INFORMATION
fixed length control field 221031b |||||||| |||| 00| 0 eng d
020 ## - INTERNATIONAL STANDARD BOOK NUMBER
International Standard Book Number 9789391246181
100 ## - MAIN ENTRY--PERSONAL NAME
Personal name HARISUKH
9 (RLIN) 7600
245 ## - TITLE STATEMENT
Title AI ARTIFICIAL INTELLIGENCE-9
260 ## - PUBLICATION, DISTRIBUTION, ETC. (IMPRINT)
Place of publication, distribution, etc. NEW DELHI
Name of publisher, distributor, etc. ORANGE EDUCATION
Date of publication, distribution, etc. 2022
Holdings
Withdrawn status Lost status Source of classification or shelving scheme Damaged status Koha normalized classification for sorting Not for loan Collection code Home library Current library Date acquired Total Checkouts Total Renewals Full call number Barcode Checked out Date last seen Date last checked out Price effective from Koha item type
    Dewey Decimal Classification   HAR_004_000000000000000   Non-fiction Good Samaritan School Library Good Samaritan School Library 10/31/2022 11 1 HAR004 HAR17341 04/23/2024 04/09/2024 04/09/2024 10/31/2022 BOOK

Powered by Koha